| 000 | 00879nam a2200265Ia 4500 | ||
|---|---|---|---|
| 003 | OSt | ||
| 005 | 20220923211503.0 | ||
| 006 | a|||||r|||| 00| 0 | ||
| 007 | ta | ||
| 008 | Pun | ||
| 020 |
_a9789352045846 (hbk) _c175 |
||
| 024 | _a320,336 | ||
| 037 |
_b777, 27/02/2017, H.K. Prakashan _cTextual |
||
| 040 |
_aARTS _cARTS _bPun |
||
| 041 |
_2Pun _aPun |
||
| 082 | _aO153,6NDEx, Q7 | ||
| 100 | _aਦੀਦਾਰ, ਦੇਵਿੰਦਰ, ਂਚ. | ||
| 245 | 0 | _aਡੂੰਘੇ ਸਾਗਰਾਂ ਦੇ ਮੋਤੀ | |
| 260 |
_aਚੰਡੀਗੜ _b ਯੂਨੀਸਟਾਰ _c2017 |
||
| 300 |
_a128ਪ੍ਰ0 _ccm. |
||
| 650 | _a ਪੰਜਾਬੀ ਨਿਬੰਧ | ||
| 650 | _aਸ਼ਚਅਹ਼ਲਜ | ||
| 942 |
_hO153,6NDEx, Q7 _cTEXL _2CC |
||
| 999 |
_c300041 _d300041 |
||